Westlichste Hauptstädte Europas - Statistiken

Allgemein
  • Dieses Quiz wurde 160 mal gespielt
  • Das Durchschnittsergebnis liegt bei 9 aus 10
Antwortstatistiken
Hint Antwort % Korrekt
9°08'W Lissabon
98%
0°07'W London
97%
2°21'O Paris
97%
3°41'W Madrid
96%
4°21'O Brüssel
95%
6°16'W Dublin
94%
4°54'O Amsterdam
93%
21°56'W Reykjavik
92%
6°07'O Luxemburg
86%
1°52'O Andorra la Vella
70%
Keine übereinstimmenden Quizze gefunden
Verteilung der Resultate
Anzahl Personen mit jedem Resultat
Perzentil nach korrekt beantworteten Fragen
Ihre Resultats-Entwicklung
Sie haben dieses Quiz noch nicht gespielt